000 01124nam a22003017a 4500
001 6028
003 FISKH
005 20250224095322.0
008 250224b cb ||||| |||| 00| 0 eng d
020 _a9780439211253
040 _aFISKH
_beng
_cFISKH
_dFISKH
050 _aPZ7.
082 _a942.052092
100 _aMacdonald, Alan
_d(1958–)
245 _aHenry VII and his chopping block /
_cBy Alan Macdonald ; Illustrated by Philip Reeve
250 _aThis edition first published in 2000
260 _aLondon :
_bScholastic,
_c1999.
300 _a176 pages :
_billustrations ;
_c20 cm
505 _aR
520 _aEven though he is dead, Henry is still full of surprises. Now you can get inside the story with Henry's secret diary, read the gossip in The Tudor Tatler and hear from Henry's victims before they lose their head on his chopping block.
521 8 _a770
_bLexile
521 8 _aR
_bRaz-Plus
650 _2King Henry VIII
_aJuvenile literature
650 _2Social life and customs --
_a16th century --
700 _aReeve, Philip
_dillustrator
942 _2ddc
_cBK
_n0
999 _c6028
_d6028